[Event "Simcoe Day ch"]
[Site "Toronto CAN"]
[Date "2001.08.06"]
[Round "5"]
[White "Gurevich, Artem"]
[Black "Schleifer, Michael"]
[Result "0-1"]
[WhiteElo "2328"]
[BlackElo "2446"]
[PlyCount "49"]
[EventDate "2001.08.04"]
[EventType "swiss"]
[EventRounds "6"]
[EventCountry "CAN"]

1. e4 e6 2. d4 d5 3. exd5 exd5 4. Nf3 Bd6 5. c4 c6 6. cxd5 cxd5 7. Nc3 Ne7 8.
Bd3 Nbc6 9. h3 h6 10. O-O O-O 11. Re1 Bc7 12. Ne2 Ng6 13. Ng3 Nh4 14. Ne5 Nxd4
15. Nh5 Nc6 16. Nxc6 bxc6 17. Qa4 c5 18. Qc2 Nxg2 19. Kxg2 Qh4 20. Bf5 Qxh5 21.
Bxc8 Raxc8 22. Qxc5 Qg6+ 23. Kh1 Qf5 24. Qe3 Rce8 25. Qxe8 0-1

[Event "Quebec op"]
[Site "Montreal CAN"]
[Date "2001.07.24"]
[Round "5"]
[White "Chabot, Roland"]
[Black "Schleifer, Michael"]
[Result "0-1"]
[WhiteElo "2245"]
[BlackElo "2384"]
[PlyCount "58"]
[EventDate "2001.07.21"]
[EventType "swiss"]
[EventRounds "9"]
[EventCountry "CAN"]

1. d4 Nc6 2. d5 Ne5 3. e4 e6 4. dxe6 fxe6 5. f4 Ng6 6. Nf3 Bc5 7. Nc3 N8e7 8.
Bd3 O-O 9. g3 d5 10. e5 a6 11. Qe2 Ba7 12. h4 Nf5 13. Rh3 c5 14. h5 Nge7 15.
Bxf5 exf5 16. h6 g6 17. Ng5 b5 18. Bd2 d4 19. Nd1 Qd5 20. b3 Bb7 21. Rh2 c4 22.
bxc4 bxc4 23. c3 d3 24. Qf1 Rfe8 25. Ne3 Qc6 26. Rb1 Rab8 27. Rb4 Ba8 28. Bc1
Rxb4 29. cxb4 Rd8 0-1

[Event "Quebec op"]
[Site "Montreal CAN"]
[Date "2001.07.25"]
[Round "6"]
[White "Schleifer, Michael"]
[Black "Voskanyan, Vahagn"]
[Result "1-0"]
[WhiteElo "2384"]
[BlackElo "2390"]
[PlyCount "49"]
[EventDate "2001.07.21"]
[EventType "swiss"]
[EventRounds "9"]
[EventCountry "CAN"]

1. Nf3 c5 2. g3 Nc6 3. Bg2 g6 4. O-O Bg7 5. c3 Nf6 6. d4 cxd4 7. cxd4 d5 8. Nc3
Ne4 9. Nxe4 dxe4 10. Ng5 Nxd4 11. Nxe4 O-O 12. Be3 Bg4 13. Bxd4 Qxd4 14. Qxd4
Bxd4 15. e3 Be5 16. h3 Be2 17. Rfe1 Bc4 18. Nc5 Bxb2 19. Rab1 Ba3 20. Nxb7 Rab8
21. Na5 Bd3 22. Rxb8 Rxb8 23. Nc6 Rb7 24. Ne5 Rb1 25. Nxd3 1-0

[Event "Quebec op"]
[Site "Montreal CAN"]
[Date "2001.07.26"]
[Round "7"]
[White "Barbeau, Sylvain"]
[Black "Schleifer, Michael"]
[Result "0-1"]
[WhiteElo "2490"]
[BlackElo "2384"]
[PlyCount "82"]
[EventDate "2001.07.21"]
[EventType "swiss"]
[EventRounds "9"]
[EventCountry "CAN"]

1. e4 e6 2. d4 c5 3. d5 Nf6 4. Nc3 d6 5. Nf3 e5 6. Nd2 Be7 7. a4 Nbd7 8. Nc4
Nf8 9. f4 exf4 10. e5 Ng4 11. Bxf4 Ng6 12. e6 O-O 13. Bxd6 fxe6 14. Bg3 exd5
15. Qxd5+ Qxd5 16. Nxd5 Bg5 17. Nc7 Rb8 18. h3 Nh6 19. Nd6 Nf5 20. Bc4+ Kh8 21.
Nxf5 Bxf5 22. O-O Bxc2 23. Ne6 Be3+ 24. Kh2 Rxf1 25. Rxf1 Re8 26. Rf7 Re7 27.
Rf3 Bd4 28. Bd6 Re8 29. Ng5 h6 30. Nf7+ Kh7 31. b3 Re1 32. Kg3 Be4 33. Rf1 Re3+
34. Kh2 Bd3 35. Rf3 Bxc4 36. Rxe3 Bxf7 37. Rf3 Bd5 38. Rd3 Be4 39. Rd2 Nh4 40.
Re2 Bc6 41. Re7 Nf5 0-1

[Event "Quebec op"]
[Site "Montreal CAN"]
[Date "2001.07.27"]
[Round "8"]
[White "Schleifer, Michael"]
[Black "Turov, Maxim"]
[Result "0-1"]
[WhiteElo "2384"]
[BlackElo "2550"]
[PlyCount "142"]
[EventDate "2001.07.21"]
[EventType "swiss"]
[EventRounds "9"]
[EventCountry "CAN"]

1. Nf3 Nf6 2. g3 g6 3. Bg2 Bg7 4. O-O O-O 5. d4 d5 6. c4 dxc4 7. Na3 Nc6 8.
Nxc4 Be6 9. b3 Bd5 10. Bb2 a5 11. Nfe5 Bxg2 12. Kxg2 Nxe5 13. dxe5 Nd5 14. a3
b5 15. Nd2 c5 16. Rc1 Rc8 17. Ne4 c4 18. bxc4 bxc4 19. Kg1 Qb6 20. Bd4 Qc6 21.
Qc2 Rfd8 22. Rfd1 Nc7 23. Bc5 Rxd1+ 24. Rxd1 Bxe5 25. Bxe7 Nd5 26. Bg5 f5 27.
Nd2 Nc3 28. Re1 Bg7 29. Nf3 Qc5 30. Bc1 Rd8 31. Ng5 Qd5 32. Bb2 Qd2 33. Qxd2
Rxd2 34. Bxc3 Bxc3 35. Rc1 Bf6 36. Nf3 Rxe2 37. Rxc4 Ra2 38. a4 Be7 39. Ne5 Bb4
40. Nd3 Rxa4 41. Kg2 Kg7 42. h4 Kh6 43. Rd4 Kg7 44. Rd7+ Kg8 45. Rd4 Kf8 46.
Rd8+ Kf7 47. Rd4 Ke7 48. Kh2 Ra2 49. Nxb4 axb4 50. Rxb4 Rxf2+ 51. Kh3 Rd2 52.
Rb7+ Rd7 53. Rb6 Kf7 54. Ra6 Kg7 55. Rb6 Rd3 56. Rb7+ Kh6 57. Kg2 Kh5 58. Kh3
h6 59. Rf7 Rf3 60. Rf8 Rf2 61. Rh8 Rf3 62. Rf8 g5 63. hxg5 hxg5 64. Rh8+ Kg6
65. Rg8+ Kf6 66. Kg2 Rd3 67. Rf8+ Kg6 68. Kf2 Ra3 69. Rh8 Ra2+ 70. Ke3 Rb2 71.
Rh1 g4 0-1

[Event "Wilbert Paige Mem"]
[Site "New York USA"]
[Date "2001.07.14"]
[Round "1"]
[White "Schleifer, Michael"]
[Black "Simutowe, Amon"]
[Result "1-0"]
[WhiteElo "2369"]
[BlackElo "2462"]
[PlyCount "73"]
[EventDate "2001.07.14"]
[EventType "tourn"]
[EventRounds "9"]
[EventCountry "USA"]
[EventCategory "4"]
[Source "Mark Crowther"]
[SourceDate "2001.07.23"]

1. d4 d5 2. c4 e6 3. Nc3 Nf6 4. Bg5 Be7 5. e3 O-O 6. Nf3 h6 7. Bh4 b6 8. cxd5
Nxd5 9. Bxe7 Qxe7 10. Nxd5 exd5 11. Rc1 Be6 12. Qa4 c5 13. dxc5 bxc5 14. Qa3
Rc8 15. Be2 Nd7 16. O-O a5 17. Rc3 Rcb8 18. Ne1 Qf6 19. Rc2 a4 20. Nd3 c4 21.
Nf4 d4 22. Bxc4 Bxc4 23. Rxc4 dxe3 24. fxe3 Qxb2 25. Rc8+ Kh7 26. Qxb2 Rxb2 27.
Rxa8 Rxa2 28. Nd5 Ne5 29. Nc3 Ra3 30. Nxa4 Rxe3 31. Nc5 Kg6 32. Ra4 Rc3 33. Ne4
Rc2 34. Ng3 h5 35. h3 Nc4 36. Ra6+ f6 37. Rc6 1-0

[Event "Wilbert Paige Mem"]
[Site "New York USA"]
[Date "2001.07.17"]
[Round "4"]
[White "Schleifer, Michael"]
[Black "Muhammad, Stephen"]
[Result "1/2-1/2"]
[WhiteElo "2369"]
[BlackElo "2307"]
[PlyCount "70"]
[EventDate "2001.07.14"]
[EventType "tourn"]
[EventRounds "9"]
[EventCountry "USA"]
[EventCategory "4"]
[Source "Mark Crowther"]
[SourceDate "2001.07.23"]

1. e4 e5 2. Nf3 Nc6 3. d4 exd4 4. Nxd4 Bc5 5. Be3 Qf6 6. c3 Nge7 7. Nc2 Bxe3 8.
Nxe3 O-O 9. Bd3 Ne5 10. Na3 Nxd3+ 11. Qxd3 a6 12. O-O d6 13. f4 b5 14. Nac2 Bb7
15. Nd4 Rfe8 16. Rae1 Ng6 17. Ng4 Qe7 18. Nf5 Qf8 19. h4 Ne7 20. Ng3 Rad8 21.
c4 Bc6 22. b3 bxc4 23. bxc4 Bd7 24. Ne3 Nc6 25. Nd5 Rc8 26. Rb1 Ne7 27. Ne3 Nc6
28. Rb7 Qe7 29. Nd5 Qd8 30. h5 h6 31. Nf5 Bxf5 32. exf5 Ne7 33. Ne3 Nc6 34. Nd5
Ne7 35. Ne3 Nc6 1/2-1/2

[Event "Wilbert Paige Mem"]
[Site "New York USA"]
[Date "2001.07.18"]
[Round "5"]
[White "Nsubuga, Grace"]
[Black "Schleifer, Michael"]
[Result "0-1"]
[WhiteElo "2264"]
[BlackElo "2369"]
[PlyCount "92"]
[EventDate "2001.07.14"]
[EventType "tourn"]
[EventRounds "9"]
[EventCountry "USA"]
[EventCategory "4"]
[Source "Mark Crowther"]
[SourceDate "2001.07.23"]

1. e4 c5 2. Nf3 e6 3. Be2 Nc6 4. O-O Nf6 5. Nc3 d5 6. exd5 Nxd5 7. Bb5 Nde7 8.
Ne5 Qc7 9. Qh5 g6 10. Qg5 Bg7 11. Nxc6 bxc6 12. Bc4 Nd5 13. Ne4 h6 14. Qh4 g5
15. Qh3 Qe5 16. d3 O-O 17. c3 f5 18. Nxc5 Nxc3 19. bxc3 Qxc5 20. Be3 Qd6 21.
Bd4 c5 22. Bxg7 Kxg7 23. Rab1 Bd7 24. Rb7 Kg6 25. Re1 Rfb8 26. Rxd7 Qxd7 27.
Bxe6 Qc7 28. Qxf5+ Kg7 29. Bd7 Qd6 30. d4 Rf8 31. Qxc5 Rf6 32. Qxd6 Rxd6 33.
Be6 Re8 34. d5 Rxd5 35. Kf1 Rc5 36. c4 Kf6 37. Bd5 Rxe1+ 38. Kxe1 Ra5 39. c5
Rxc5 40. Bb3 Ke5 41. Kd2 Kd4 42. f3 Re5 43. g3 Re3 44. Bd5 a5 45. h3 Ra3 46.
Bb3 a4 0-1

[Event "Wilbert Paige Mem"]
[Site "New York USA"]
[Date "2001.07.19"]
[Round "6"]
[White "Schleifer, Michael"]
[Black "Morrison, William"]
[Result "1/2-1/2"]
[WhiteElo "2369"]
[BlackElo "2381"]
[PlyCount "79"]
[EventDate "2001.07.14"]
[EventType "tourn"]
[EventRounds "9"]
[EventCountry "USA"]
[EventCategory "4"]
[Source "Mark Crowther"]
[SourceDate "2001.07.23"]

1. e4 e5 2. Nf3 Nc6 3. Bb5 a6 4. Ba4 Nf6 5. d3 b5 6. Bb3 Bc5 7. c3 Qe7 8. O-O
O-O 9. Bg5 h6 10. Bh4 d6 11. a4 Rb8 12. axb5 axb5 13. Bd5 Nd8 14. b4 Bb6 15.
Bb3 c5 16. Na3 cxb4 17. cxb4 g5 18. Bg3 Bg4 19. Nc2 Nc6 20. h3 Bh5 21. Ne3 Bxe3
22. fxe3 Nxb4 23. Qd2 Nc6 24. Qf2 Ne8 25. Rfc1 Rb6 26. Nd2 Qf6 27. Qe1 Ng7 28.
Nb1 Ne6 29. Nc3 Nb4 30. Nd5 Nxd5 31. Bxd5 Nc5 32. Qd2 Bg6 33. Rcb1 Rfb8 34. Rb4
Qe7 35. Be1 Na6 36. Rb2 g4 37. Rab1 Kg7 38. Bc4 Qb7 39. Qe2 Qc8 40. Bd2 1/2-1/2

[Event "Wilbert Paige Mem"]
[Site "New York USA"]
[Date "2001.07.21"]
[Round "7"]
[White "Rogers, Norman"]
[Black "Schleifer, Michael"]
[Result "1-0"]
[WhiteElo "2279"]
[BlackElo "2369"]
[PlyCount "87"]
[EventDate "2001.07.14"]
[EventType "tourn"]
[EventRounds "9"]
[EventCountry "USA"]
[EventCategory "4"]
[Source "Mark Crowther"]
[SourceDate "2001.07.23"]

1. e4 Nf6 2. e5 Nd5 3. d4 d6 4. Nf3 Bg4 5. Be2 e6 6. O-O Be7 7. c4 Nb6 8. Nc3
O-O 9. exd6 cxd6 10. Be3 Nc6 11. b3 d5 12. c5 Nd7 13. b4 Bf6 14. Rb1 h6 15. Qd2
Rb8 16. Rfd1 g5 17. h4 Bf5 18. hxg5 hxg5 19. Rb2 Kg7 20. Bxg5 Rh8 21. Bxf6+
Nxf6 22. Qg5+ Bg6 23. Ne5 Rh6 24. Nxf7 Rh1+ 25. Kxh1 Kxf7 26. Qh4 Ne7 27. Bd3
a6 28. g4 Qc7 29. g5 Nh5 30. Qh2 Qxh2+ 31. Kxh2 Rh8 32. Kg1 Nf4 33. Bxg6+ Kxg6
34. Ne2 Kxg5 35. Nxf4 Kxf4 36. b5 a5 37. Re2 Rh6 38. Rde1 Nf5 39. Rxe6 Rh7 40.
Rf6 Kg5 41. Rxf5+ Kxf5 42. Re5+ Kf4 43. Rxd5 Kf3 44. Re5 1-0

[Event "Wilbert Paige Mem"]
[Site "New York USA"]
[Date "2001.07.22"]
[Round "8"]
[White "Colding, Ernest"]
[Black "Schleifer, Michael"]
[Result "0-1"]
[WhiteElo "2258"]
[BlackElo "2369"]
[PlyCount "76"]
[EventDate "2001.07.14"]
[EventType "tourn"]
[EventRounds "9"]
[EventCountry "USA"]
[EventCategory "4"]
[Source "Mark Crowther"]
[SourceDate "2001.07.23"]

1. e4 Nc6 2. Nf3 g6 3. d4 d6 4. Nc3 Bg7 5. d5 Nb8 6. Bg5 h6 7. Be3 Nf6 8. Qd2
e5 9. dxe6 Bxe6 10. h3 Nc6 11. Bb5 a6 12. Bd3 Qe7 13. O-O-O O-O-O 14. Rhe1 d5
15. Qe2 Nxe4 16. Bxe4 dxe4 17. Nxe4 Qb4 18. c4 Bxc4 19. Qc2 Bxa2 20. Bd2 Qc4
21. Qxc4 Bxc4 22. Bc3 Bxc3 23. bxc3 b6 24. Kc2 a5 25. Ned2 Be6 26. Kb2 Rd3 27.
Re2 Rhd8 28. Rde1 a4 29. Nb1 Bxh3 30. Nh4 Bd7 31. g3 Na5 32. Ng2 Nc4+ 33. Ka1
Bf5 34. Nh4 Bd7 35. Re7 g5 36. Ng2 Rf3 37. R7e2 Bf5 38. Rh1 Bxb1 0-1

[Event "Wilbert Paige Mem"]
[Site "New York USA"]
[Date "2001.07.23"]
[Round "9"]
[White "Simpson, Ronald"]
[Black "Schleifer, Michael"]
[Result "1/2-1/2"]
[WhiteElo "2296"]
[BlackElo "2369"]
[PlyCount "98"]
[EventDate "2001.07.14"]
[EventType "tourn"]
[EventRounds "9"]
[EventCountry "USA"]
[EventCategory "4"]
[Source "Mark Crowther"]
[SourceDate "2001.07.30"]

1. c4 c5 2. g3 Nc6 3. Bg2 g6 4. Nc3 Bg7 5. Nf3 e6 6. O-O Nge7 7. d4 Nxd4 8.
Nxd4 cxd4 9. Nb5 Qb6 10. e3 Nf5 11. exd4 a6 12. Nc3 Qxd4 13. Qb3 O-O 14. Rd1
Qa7 15. Ne4 d5 16. cxd5 exd5 17. Qxd5 Be6 18. Qc5 b6 19. Qa3 h6 20. Bf4 Rac8
21. Rd2 g5 22. Bd6 Nxd6 23. Nxd6 Rc5 24. Qb4 Qc7 25. Re1 Rd8 26. Nb7 Rxd2 27.
Nxc5 Rxb2 28. Nxe6 Qc2 29. Qe4 Qxe4 30. Rxe4 fxe6 31. Rxe6 Bd4 32. Bd5 Kf8 33.
Rxh6 Rxf2 34. Kh1 g4 35. h3 gxh3 36. Rxh3 Ke7 37. Rh6 Bf6 38. Rh2 Rf5 39. Be4
Ra5 40. Rc2 Be5 41. Kg2 Ra3 42. Bf3 b5 43. g4 Kf6 44. Bd5 Bd4 45. Rc8 Ke5 46.
Bb3 a5 47. Rb8 b4 48. Ra8 Kf4 49. Kh3 a4 1/2-1/2

[Event "Plateau 1"]
[Site "Montreal CAN"]
[Date "2001.06.16"]
[Round "2"]
[White "Schleifer, Michael"]
[Black "Leclair, Hugues"]
[Result "1-0"]
[WhiteElo "2369"]
[BlackElo "1719"]
[PlyCount "93"]
[EventDate "2001.06.16"]
[EventType "swiss"]
[EventRounds "4"]
[EventCountry "CAN"]

1. d4 d5 2. c4 Nf6 3. cxd5 e6 4. dxe6 Bxe6 5. Nc3 Bb4 6. Nf3 Nc6 7. Bg5 Qd6 8.
Bxf6 gxf6 9. a3 Ba5 10. Rc1 O-O-O 11. e3 Rhg8 12. b4 Bb6 13. Ne4 Qe7 14. Be2
Bd5 15. Ng3 a5 16. b5 Na7 17. Qd3 a4 18. O-O Bb3 19. Nd2 Qxa3 20. Nc4 Qb4 21.
Nxb6+ Kb8 22. Nc4 Nxb5 23. Nd2 Nxd4 24. exd4 Rxd4 25. Qxh7 Rxg3 26. hxg3 Rxd2
27. Bf3 a3 28. Qh8+ Ka7 29. Rxc7 Bd5 30. Bxd5 Rxd5 31. Qxf6 a2 32. Qa1 Rd2 33.
Rxf7 Qc4 34. Rf3 Qb4 35. Qe1 Qb2 36. Qe3+ Kb8 37. Rf8+ Kc7 38. Qc5+ Kd7 39.
Rf7+ Ke6 40. Qe7+ Kd5 41. Qxb7+ Kc4 42. Qc6+ Kd4 43. Rd7+ Ke5 44. Re1+ Kf5 45.
Qe6+ Kg5 46. f4+ Kh5 47. Rh7# 1-0

[Event "Toronto op"]
[Site "Toronto CAN"]
[Date "2001.04.13"]
[Round "2"]
[White "Schleifer, Michael"]
[Black "Gurevich, Artem"]
[Result "1-0"]
[WhiteElo "2400"]
[BlackElo "2280"]
[PlyCount "89"]
[EventDate "2001.04.13"]
[EventType "swiss"]
[EventRounds "6"]
[EventCountry "CAN"]
[Source "CFC"]
[SourceDate "2001.06.??"]

1. Nf3 c5 2. e3 Nf6 3. b3 g6 4. Bb2 Bg7 5. Be2 O-O 6. O-O b6 7. c4 Bb7 8. d4
Ne4 9. Nbd2 d5 10. Rc1 Nd7 11. Rc2 Ndf6 12. dxc5 dxc4 13. c6 Bxc6 14. Nd4 Bb7
15. Nxc4 Nd5 16. Qa1 a6 17. Nf3 Bxb2 18. Qxb2 b5 19. Nce5 f6 20. Nd3 e5 21. Nd2
Nxd2 22. Rxd2 Qe7 23. b4 Nb6 24. Nc5 Bd5 25. Rfd1 Rfd8 26. h3 Rac8 27. Qa3 Ra8
28. Qa5 Qc7 29. e4 Bc4 30. Bg4 Rxd2 31. Rxd2 Rd8 32. Rxd8+ Qxd8 33. Qxa6 Qd2
34. Be6+ Bxe6 35. Nxe6 Qd6 36. Nc5 Qd1+ 37. Kh2 Qd2 38. Qxb5 Qf4+ 39. Kg1 Qc1+
40. Qf1 Qb2 41. Qd1 Qxb4 42. Qd8+ Kf7 43. Qc7+ Ke8 44. Nb7 Kf8 45. Nd6 1-0

[Event "Toronto op"]
[Site "Toronto CAN"]
[Date "2001.04.15"]
[Round "5"]
[White "Ochkoos, Jura"]
[Black "Schleifer, Michael"]
[Result "1/2-1/2"]
[WhiteElo "2366"]
[BlackElo "2463"]
[PlyCount "37"]
[EventDate "2001.04.13"]
[EventType "swiss"]
[EventRounds "6"]
[EventCountry "CAN"]

1. d4 d5 2. c4 dxc4 3. Nf3 Nf6 4. e3 e6 5. Bxc4 c5 6. O-O Nc6 7. Qe2 a6 8. a4
cxd4 9. Rd1 Be7 10. exd4 O-O 11. Nc3 Nb4 12. Bf4 Nbd5 13. Ne5 Nxc3 14. bxc3 Qc7
15. Rd3 Bd7 16. Rf3 Rfd8 17. Rf1 Be8 18. Bd3 g6 19. Bd2 1/2-1/2

[Event "RA Spring op"]
[Site "Ottawa CAN"]
[Date "2001.03.25"]
[Round "4"]
[White "Schleifer, Michael"]
[Black "Pacey, Kevin"]
[Result "1-0"]
[WhiteElo "2465"]
[BlackElo "2323"]
[PlyCount "63"]
[EventDate "2001.03.24"]
[EventType "swiss"]
[EventRounds "5"]
[EventCountry "CAN"]

1. d4 d5 2. c4 e6 3. Nc3 Nf6 4. Bg5 Be7 5. e3 O-O 6. Nf3 Nbd7 7. Rc1 c6 8. Bd3
dxc4 9. Bxc4 Nd5 10. Bxe7 Qxe7 11. Ne4 N5f6 12. Ng3 e5 13. O-O exd4 14. Nf5 Qd8
15. N3xd4 Ne5 16. Bb3 Bxf5 17. Nxf5 Qa5 18. Nd6 Qa6 19. Qd4 Ned7 20. Rfd1 b5
21. Qf4 Rad8 22. Nf5 c5 23. Rd6 Qb7 24. Rcd1 Rde8 25. Bd5 Qc7 26. Bc6 Re6 27.
Bxd7 Rxd6 28. Qxd6 Qxd6 29. Rxd6 Ne4 30. Rd1 Rd8 31. Ne7+ Kf8 32. Nc6 1-0

[Event "Mauricie op"]
[Site "Trois-Rivieres CAN"]
[Date "2001.03.16"]
[Round "1"]
[White "Belanger, Jacques"]
[Black "Schleifer, Michael"]
[Result "1/2-1/2"]
[WhiteElo "2000"]
[BlackElo "2398"]
[PlyCount "114"]
[EventDate "2001.03.16"]
[EventType "swiss"]
[EventRounds "5"]
[EventCountry "CAN"]

1. e4 c5 2. Nf3 d6 3. d4 cxd4 4. Nxd4 Nc6 5. c4 Qb6 6. Nb3 a5 7. Nc3 a4 8. Nd5
Qd8 9. Be3 Ra6 10. Nd4 Nxd4 11. Bxd4 e6 12. Nc3 Bd7 13. b4 axb3 14. Qxb3 Bc6
15. Rb1 Qa5 16. Be2 Nf6 17. f3 Be7 18. O-O O-O 19. c5 dxc5 20. Bxf6 c4 21. Bxc4
Rb6 22. Qxb6 Bc5+ 23. Bd4 Bxb6 24. Rxb6 Rd8 25. Nd5 exd5 26. Bxd5 Bxd5 27. exd5
Qxd5 28. Bf2 Ra8 29. Rfb1 Rxa2 30. Rxb7 h6 31. h3 Qd2 32. Rf1 Qe2 33. Rbb1 Rc2
34. Rbe1 Qc4 35. Re4 Qa2 36. Ree1 Qa6 37. Ra1 Qg6 38. Rae1 Qg5 39. Re4 Qd2 40.
Ree1 Rc6 41. Rd1 Qc2 42. Rde1 Rg6 43. Kh2 Qc7+ 44. Kg1 Qf4 45. Kh1 Qg5 46. Rg1
Ra6 47. Re4 Ra2 48. Rf1 h5 49. Ree1 Qf5 50. Kh2 g5 51. Re4 Qb5 52. Kg1 Rb2 53.
h4 f6 54. hxg5 fxg5 55. Rfe1 Rb1 56. Rxb1 Qxb1+ 57. Re1 Qb4 1/2-1/2

[Event "Mauricie op"]
[Site "Trois-Rivieres CAN"]
[Date "2001.03.18"]
[Round "4"]
[White "Schleifer, Michael"]
[Black "Robichaud, Louis"]
[Result "1/2-1/2"]
[WhiteElo "2396"]
[BlackElo "2119"]
[PlyCount "121"]
[EventDate "2001.03.16"]
[EventType "swiss"]
[EventRounds "5"]
[EventCountry "CAN"]

1. d4 Nf6 2. c4 g6 3. Nc3 Bg7 4. e4 d6 5. f3 O-O 6. Be3 c6 7. Bd3 a6 8. a4 a5
9. Nge2 Na6 10. O-O Nb4 11. Qd2 b6 12. d5 Nd7 13. dxc6 Nxc6 14. Rab1 Nc5 15.
Bc2 Ba6 16. b3 e6 17. Nd4 Nb4 18. Ndb5 Qe7 19. Bg5 Bf6 20. Bxf6 Qxf6 21. f4
Rad8 22. Bd1 Bb7 23. Bf3 Rd7 24. g3 Rfd8 25. Qe3 Qe7 26. Rfd1 Re8 27. Rd2 Red8
28. Kg2 Re8 29. h4 Red8 30. Kf2 h5 31. Kg2 Qf8 32. Kh2 Qh6 33. Bg2 Nc6 34. Nd1
Ba8 35. Nf2 e5 36. Rbd1 exf4 37. gxf4 Ne6 38. Nh3 Ne5 39. Kh1 Ng4 40. Qg3 Nc5
41. Nc3 Qg7 42. Nd5 Bxd5 43. cxd5 Re8 44. Ng5 Rde7 45. Re2 f6 46. Ne6 Qh6 47.
f5 Ne5 48. Bh3 Kh8 49. Rg1 Rg8 50. Qf4 Qxf4 51. Nxf4 g5 52. Nxh5 Ned7 53. e5
dxe5 54. Bg4 Rh7 55. Kg2 gxh4 56. Kh2 Rxg4 57. Rxg4 Rxh5 58. Reg2 Rg5 59. Rxg5
fxg5 60. Rxg5 Nf6 61. Rg6 1/2-1/2

[Event "Mauricie op"]
[Site "Trois-Rivieres CAN"]
[Date "2001.03.18"]
[Round "5"]
[White "Rouleau, Paul"]
[Black "Schleifer, Michael"]
[Result "0-1"]
[WhiteElo "1898"]
[BlackElo "2396"]
[PlyCount "80"]
[EventDate "2001.03.16"]
[EventType "swiss"]
[EventRounds "5"]
[EventCountry "CAN"]

1. e4 c5 2. c3 e6 3. d4 d5 4. exd5 Qxd5 5. Nf3 Nf6 6. Bd3 Nc6 7. O-O Be7 8. c4
Qd8 9. dxc5 Bxc5 10. Qe2 Nb4 11. Rd1 Ng4 12. Be3 Nxe3 13. fxe3 Nxd3 14. Rxd3
Qc7 15. Nc3 O-O 16. Nb5 Qa5 17. a3 a6 18. Nd6 b5 19. Rc1 b4 20. Qd2 Qb6 21. Ne5
bxa3 22. bxa3 f6 23. Rf1 Qc7 24. Nxc8 Qxe5 25. Nd6 Ra7 26. Rb1 Rd7 27. Nb7 Rxd3
28. Qxd3 Bxe3+ 29. Kh1 Ba7 30. Nd8 Bb8 31. g3 Bc7 32. Nc6 Qd6 33. Qe4 f5 34.
Qf3 Qc5 35. Rb7 Rf7 36. Ra7 h6 37. Rxa6 Qxc4 38. Ra8+ Kh7 39. Ra7 Rd7 40. Nb4
Rd2 0-1

[Event "Toronto Class ch"]
[Site "Toronto CAN"]
[Date "2001.03.10"]
[Round "3"]
[White "Schleifer, Michael"]
[Black "Milicevic, Goran"]
[Result "0-1"]
[WhiteElo "2458"]
[BlackElo "2395"]
[PlyCount "88"]
[EventDate "2001.03.09"]
[EventType "swiss"]
[EventRounds "5"]
[EventCountry "CAN"]

1. c4 e6 2. Nc3 d5 3. e3 Nf6 4. Nf3 Be7 5. d4 O-O 6. a3 b6 7. Bd3 Bb7 8. cxd5
exd5 9. O-O c5 10. b3 Nbd7 11. Bb2 Rc8 12. Bf5 g6 13. Bh3 c4 14. Ne5 a6 15.
bxc4 dxc4 16. Nxd7 Nxd7 17. e4 Qc7 18. e5 Rcd8 19. Qe2 Rfe8 20. f4 Nf8 21. Rfd1
f5 22. Kh1 b5 23. d5 Qc5 24. Qd2 a5 25. d6 b4 26. Qc2 Bh4 27. axb4 axb4 28. Na4
Qc6 29. Rd4 Ba6 30. Rad1 Ne6 31. d7 Re7 32. Rd6 Rexd7 33. Bxf5 Rxd6 34. exd6
Rxd6 35. Rxd6 Qxd6 36. Be5 Qc6 37. Bxg6 hxg6 38. Qxg6+ Kf8 39. Qh6+ Ke8 40. f5
Qxa4 41. Qh5+ Kd7 42. Qf7+ Kd8 43. h3 Qd1+ 44. Kh2 Qd5 0-1

[Event "Carnaval"]
[Site "Quebec CAN"]
[Date "2001.02.09"]
[Round "1"]
[White "Bannon, Eric"]
[Black "Schleifer, Michael"]
[Result "0-1"]
[WhiteElo "2028"]
[BlackElo "2402"]
[PlyCount "112"]
[EventDate "2001.02.09"]
[EventType "swiss"]
[EventRounds "5"]
[EventCountry "CAN"]

1. e4 c5 2. Nf3 e6 3. d4 cxd4 4. Nxd4 Nf6 5. Nc3 d6 6. Be2 Be7 7. Be3 a6 8. a4
O-O 9. O-O Bd7 10. f4 Nc6 11. Bf3 Rc8 12. Rf2 Nxd4 13. Bxd4 Bc6 14. Rd2 Qc7 15.
a5 Nd7 16. Be3 b5 17. axb6 Nxb6 18. b3 Bf6 19. Bd4 Bxd4+ 20. Rxd4 Bb7 21. Na4
Rfd8 22. Rd2 d5 23. exd5 Bxd5 24. Nxb6 Qxb6+ 25. Kh1 Bxf3 26. Rxd8+ Qxd8 27.
Qxf3 Rxc2 28. h3 Qc8 29. Qd1 h6 30. Kh2 Rc3 31. Qd6 Rc6 32. Qd3 Qc7 33. Ra4 a5
34. Rd4 f5 35. Rd8+ Kh7 36. Qd4 Qf7 37. Rd7 Qg6 38. Qa7 Rc3 39. Qf2 Rxb3 40.
Ra7 Ra3 41. Ra6 a4 42. Ra7 Qf6 43. Qc5 Ra2 44. Qc6 Qd4 45. Qc7 Rc2 46. Qxc2
Qxa7 47. Qa2 Qd4 48. Qxe6 Qxf4+ 49. Kg1 a3 50. Qb3 Qd4+ 51. Kh2 Qe5+ 52. Kg1
Qa5 53. Qa2 Qb4 54. Kh2 Qb2 55. Qe6 Qc2 56. h4 Qe4 0-1

[Event "Carnaval"]
[Site "Quebec CAN"]
[Date "2001.02.10"]
[Round "2"]
[White "Schleifer, Michael"]
[Black "Pnevmonidis, Pantelis"]
[Result "1-0"]
[WhiteElo "2402"]
[BlackElo "2166"]
[PlyCount "91"]
[EventDate "2001.02.09"]
[EventType "swiss"]
[EventRounds "5"]
[EventCountry "CAN"]

1. d4 d5 2. c4 c6 3. cxd5 cxd5 4. Nc3 Nf6 5. Nf3 Nc6 6. Bf4 Bf5 7. e3 e6 8. h3
Bb4 9. Nd2 O-O 10. Be2 Ne4 11. Ndxe4 Bxe4 12. O-O Bg6 13. Qb3 Bxc3 14. Qxc3 Qb6
15. a4 a5 16. Rfc1 Rfc8 17. Bd6 Qd8 18. Qa3 f6 19. Rc3 e5 20. dxe5 fxe5 21. Bg4
d4 22. Bxc8 Rxc8 23. exd4 exd4 24. Rf3 Qd7 25. Rd1 h6 26. Bf4 Rf8 27. Bd2 Rxf3
28. Qxf3 Qe6 29. b3 d3 30. Rb1 Kh7 31. Qe3 Qd5 32. Bc3 b5 33. axb5 Qxb5 34. Rb2
Qd5 35. f3 Qf7 36. Qc5 Qd7 37. Kh1 Bf7 38. Bxa5 Nxa5 39. Qxa5 Bxb3 40. Qd2 Bc2
41. Rb4 Qd5 42. Rg4 Qd7 43. Qc3 Qe7 44. Rc4 Bb1 45. Rc7 Qf8 46. Qd4 1-0

[Event "Carnaval"]
[Site "Quebec CAN"]
[Date "2001.02.10"]
[Round "3"]
[White "Schleifer, Michael"]
[Black "Masse, Hugues"]
[Result "1/2-1/2"]
[WhiteElo "2402"]
[BlackElo "2044"]
[PlyCount "97"]
[EventDate "2001.02.09"]
[EventType "swiss"]
[EventRounds "5"]
[EventCountry "CAN"]

1. d4 Nf6 2. c4 g6 3. Nc3 d5 4. Nf3 Bg7 5. Bg5 Ne4 6. Bh4 Nxc3 7. bxc3 c5 8.
cxd5 Qxd5 9. e3 cxd4 10. cxd4 Nc6 11. Be2 O-O 12. O-O e5 13. dxe5 Qxd1 14.
Raxd1 Nxe5 15. Nd4 Bd7 16. Rb1 b6 17. Rfc1 Rfc8 18. Ba6 Rxc1+ 19. Rxc1 Bf8 20.
Bg3 Bd6 21. Rd1 Kf8 22. Ne2 Ke7 23. Bh4+ f6 24. Bxf6+ Kxf6 25. Rxd6+ Ke7 26.
Rd2 Be6 27. Nd4 Bc8 28. Be2 Bb7 29. Rc2 Rc8 30. Rxc8 Bxc8 31. f4 Ng4 32. Nc6+
Kd6 33. Nxa7 Bd7 34. Nb5+ Kc5 35. Nc3 Nxe3 36. Kf2 Kd4 37. Nb5+ Bxb5 38. Bxb5
Nd1+ 39. Kf3 Nc3 40. Be8 Nxa2 41. Bf7 Nc3 42. Bg8 h6 43. h4 Nd5 44. Bf7 Ne7 45.
Be8 Kd5 46. g4 Ke6 47. Ke4 Kf6 48. Bd7 g5 49. fxg5+ 1/2-1/2

[Event "RA Winter op"]
[Site "Ottawa CAN"]
[Date "2001.01.14"]
[Round "4"]
[White "Schleifer, Michael"]
[Black "Pacey, Kevin"]
[Result "1-0"]
[WhiteElo "2445"]
[BlackElo "2333"]
[PlyCount "77"]
[EventDate "2001.01.13"]
[EventType "swiss"]
[EventRounds "5"]
[EventCountry "CAN"]

1. d4 d6 2. c4 e5 3. Nf3 e4 4. Ng5 f5 5. Nc3 Be7 6. Nh3 Nf6 7. Nf4 O-O 8. Nfd5
c6 9. Nxe7+ Qxe7 10. e3 c5 11. b3 Nc6 12. d5 Ne5 13. Bb2 f4 14. exf4 Nd3+ 15.
Bxd3 exd3+ 16. Kf1 Bf5 17. Qd2 Nh5 18. h4 Rae8 19. g3 Qd7 20. Kg2 Bg6 21. f3
Re7 22. Rae1 Ref7 23. Bc1 Nxf4+ 24. gxf4 Rxf4 25. Qxf4 Rxf4 26. Bxf4 Qf5 27.
Bd2 Bh5 28. Rh3 Qg6+ 29. Rg3 Qf6 30. Re4 Bg6 31. Reg4 Kh8 32. Rf4 Qe7 33. Ne4
Kg8 34. Bc3 d2 35. Bxd2 Qe5 36. Nc3 Bf5 37. Rg5 g6 38. Rfxf5 Qd4 39. Ne4 1-0